Cleveland Browns Record holders. - Statistics

General Stats
  • This quiz has been taken 9 times
  • The average score is 4 of 9
Answer Stats
Hint Answer % Correct
rushing yards leader Jim Brown
100%
rushing touchdown leader Jim brown
100%
Passing yards leader Brian Sipe
67%
passing touchdowns Otto Graham
67%
receiving yards leader Ozzie newsome
67%
Sack leader Myles Garret
22%
tackle leader Clay matthews sr.
0%
receiving Touchdown leader Gary collins
0%
interception leader Thom Darden
0%
No matching quizzes found
Score Distribution
Percent of People with Each Score
Percentile by Number Answered
Your Score History
You have not taken this quiz